[Event "Perth op"]
[Site "Perth"]
[Date "2023.01.05"]
[Round "5"]
[White "Hurst, Benjamin James"]
[Black "Kinsman, Craig C"]
[Result "1/2-1/2"]
[WhiteElo "1628"]
[BlackElo "1986"]
[PlyCount "43"]
[EventDate "2023.01.02"]
[EventType "swiss"]
[EventRounds "11"]
[EventCountry "AUS"]
[SourceTitle "CBM 212 Extra"]
[Source "ChessBase"]
[SourceDate "2023.03.31"]
[SourceVersion "1"]
[SourceVersionDate "2023.03.31"]
[SourceQuality "1"]

1. Nf3 Nf6 2. d4 e6 3. c4 b6 4. Nc3 Bb4 5. Qd3 Bb7 6. Bg5 h6 7. Bh4 g5 8. Bg3 Ne4 9. Be5 0-0 10. h4 g4 11. Nd2 f5 12. Qe3 Kh7 13. f3 Nxd2 14. Qxd2 d6 15. Bf4 Qf6 16. fxg4 fxg4 17. e3 Be4 18. Bd3 Bxd3 19. Qxd3+ Qf5 20. Qxf5+ Rxf5 21. 0-0 Bxc3 22. bxc3 1/2-1/2

[Event "Perth op"]
[Site "Perth"]
[Date "2023.01.03"]
[Round "3"]
[White "Vo, Thi Kim Phung"]
[Black "Kinsman, Craig C"]
[Result "1-0"]
[WhiteElo "2343"]
[BlackElo "1986"]
[PlyCount "129"]
[EventDate "2023.01.02"]
[EventType "swiss"]
[EventRounds "11"]
[EventCountry "AUS"]
[SourceTitle "CBM 212 Extra"]
[Source "ChessBase"]
[SourceDate "2023.03.31"]
[SourceVersion "1"]
[SourceVersionDate "2023.03.31"]
[SourceQuality "1"]

1. d4 Nf6 2. c4 e6 3. Nc3 Bb4 4. Nf3 b6 5. Qb3 Bxc3+ 6. Qxc3 Bb7 7. e3 0-0 8. Bd3 Ne4 9. Qc2 f5 10. 0-0 d6 11. Nd2 Nxd2 12. Bxd2 Nd7 13. Rad1 Nf6 14. d5 exd5 15. Bxf5 dxc4 16. Qxc4+ Bd5 17. Qc2 Qe7 18. Bc3 Be4 19. Qb3+ Kh8 20. Bh3 Rae8 21. f3 Bg6 22. e4 Bf7 23. Qa4 a5 24. Rfe1 Be6 25. e5 dxe5 26. Rxe5 Qf7 27. Bxe6 Rxe6 28. a3 c6 29. Qh4 Rxe5 30. Bxe5 Qb3 31. Qd4 h6 32. h3 Rf7 33. Rd3 Qc2 34. Qe3 c5 35. Rd6 Qf5 36. Rxb6 Nd7 37. Re6 Nxe5 38. Qxe5 Qxe5 39. Rxe5 Rc7 40. Re8+ Kh7 41. Ra8 Rb7 42. Rxa5 Rxb2 43. Rxc5 Ra2 44. Ra5 g6 45. Ra7+ Kg8 46. h4 h5 47. Kh2 Kh8 48. Kh3 Kg8 49. g4 hxg4+ 50. Kxg4 Rg2+ 51. Kf4 Rh2 52. Kg5 Rg2+ 53. Kh6 Rg3 54. Rg7+ Kf8 55. Rxg6 Rxf3 56. Ra6 Rg3 57. h5 Rh3 58. a4 Rh1 59. Rg6 Ra1 60. Rg4 Ra2 61. Kh7 Ra1 62. h6 Ra2 63. Rf4+ Ke7 64. Kg6 Rg2+ 65. Kh5 1-0

[Event "West Australia-ch op"]
[Site "Perth"]
[Date "2016.07.24"]
[Round "7"]
[White "Kinsman, Craig C"]
[Black "Yap, Ignatius"]
[Result "0-1"]
[WhiteElo "1917"]
[BlackElo "1628"]
[PlyCount "120"]
[EventDate "2016.06.26"]
[EventType "swiss"]
[EventRounds "7"]
[EventCountry "AUS"]
[SourceTitle "EXT 2018"]
[Source "ChessBase"]
[SourceDate "2017.10.13"]
[SourceVersion "1"]
[SourceVersionDate "2017.10.13"]
[SourceQuality "1"]

1. e4 c6 2. d4 d5 3. Nc3 dxe4 4. Nxe4 Bf5 5. Ng3 Bg6 6. h4 h6 7. Nf3 Nd7 8. h5 Bh7 9. Bd3 Bxd3 10. Qxd3 e6 11. Bd2 Ngf6 12. 0-0-0 Bd6 13. Ne4 Nxe4 14. Qxe4 Nf6 15. Qe2 Qc7 16. Kb1 0-0-0 17. c4 Bf4 18. g3 Bxd2 19. Rxd2 c5 20. Rh4 cxd4 21. Rdxd4 Rxd4 22. Nxd4 Rd8 23. Nb5 Qc5 24. Nc3 Qf5+ 25. Kc1 Qd3 26. Qxd3 Rxd3 27. Rf4 Rd7 28. g4 e5 29. Rf5 Nxg4 30. f3 Ne3 31. Rxe5 Nxc4 32. Re8+ Rd8 33. Re7 Nd6 34. Re2 Re8 35. Rg2 Nf5 36. Ne4 Rd8 37. b3 Rd3 38. Rc2+ Kd8 39. Nc5 Rxf3 40. Nxb7+ Kd7 41. Nc5+ Ke7 42. Na6 Rd3 43. Nb8 Rh3 44. Rc7+ Ke6 45. Rxa7 Rxh5 46. Nc6 g5 47. Nd8+ Kd5 48. Rxf7 g4 49. Rd7+ Ke4 50. Ne6 g3 51. Nc5+ Kf4 52. Nd3+ Ke3 53. Ne1 Rh1 54. Rd1 Ke2 55. Rd2+ Kxe1 56. Rd1+ Kf2 57. Rxh1 g2 58. Rh2 Kf1 59. Rxg2 Kxg2 60. b4 Nd6 0-1